000 00826nam0a22002411 4500
001 rc\2364639
005 20250622235130.0
035 _a(NLR Aleph) 006479156
090 _a6015305
_c6015305
100 _a20110829d1976 |||y0rusy50 ca
101 1 _arus
_ceng
102 _aRU
105 _aa z |||||
200 1 _aАдаптивные системы
_e[Сборник статей]
210 _aМосква
_cБ. и.
_d1976
215 _a168 с.
_cил.
_d26
225 1 _aТруды Института инженеров по электротехнике и радиоэлектронике
_dProceedings - IEEE
_eТИИЭР
_vГ16. Т. 64, № 8
320 _aБиблиогр. в конце статей
801 0 _aRU
_bNLR
_gpsbo
801 1 _aRU
_bELAR
_2rusmarc
852 _aNLR
_jП 11/2210
942 _cBOOK
980 _aNB